Učebné texty z ruského jazyka pre poslucháčov lesného inžinierstva

Bibliographic Details
Main Authors: Balacenková, Katarína (Author), Šepetková, Miriam (Author)
Format: Book
Language:Slovak
PhysicalDescription:202 strán ilustrácie 21 cm
Published: Bratislava Slovenské vydavateľstvo technickej literatúry 1962
Edition:1. vyd.
Series:Dočasné vysokoškolské učebnice zv. 593
Subjects:

MARC

LEADER 00000cam a2200000 a 4500
001 vtls001162410
003 SK-MaSNL
005 20260301063257.0
008 180813s1962 xo a frnp 00000 slo
015 |a SNBA1962 
020 |q (viazané) 
035 |a SNK000105320 
040 |a SNK  |b slo  |c SNK  |e AACR2 
041 0 |a slo 
043 |a e-xo--- 
044 |a xo  |c SK 
072 7 |a 811.161.1  |x Ruština  |2 konspekt 
072 7 |a 37.016  |x Učebné osnovy. Vyučovacie predmety. Učebnice  |2 konspekt 
072 7 |a 630  |x Lesníctvo  |2 konspekt 
080 |a 482(075.8)  |2 1981 
080 |a 811.161.1  |2 2011 
080 |a (075.8)  |2 2011 
080 |a 630*38  |2 2011 
080 |a 81'373.46  |2 2011 
100 1 |a Balacenková, Katarína  |4 aut  |9 279953 
245 1 0 |a Učebné texty z ruského jazyka pre poslucháčov lesného inžinierstva  |c Katarína Balacenková, Miriam Šepetková 
250 |a 1. vyd. 
260 |a Bratislava  |b Slovenské vydavateľstvo technickej literatúry  |c 1962 
300 |a 202 strán  |b ilustrácie  |c 21 cm 
366 |e 300 kusov 
490 1 |a Dočasné vysokoškolské učebnice  |v zv. 593 
500 |a Vydala Slovenská vysoká škola lesnícka a drevárska vo Zvolene, Fakulta drevárska 
500 |a Obsahuje rusko-slovenský slovník 
504 |a Obsahuje bibliografiu 
650 0 7 |a ruština  |2 SNKPH  |9 1346 
650 0 7 |a lesné inžinierstvo  |2 SNKPH  |9 168011 
650 0 7 |a odborná terminológia  |2 SNKPH  |9 3616 
655 7 |a učebnice vysokých škôl  |2 SNKPH  |9 70191 
700 1 |a Šepetková, Miriam  |4 aut  |9 278907 
710 2 |a Vysoká škola lesnícka a drevárska vo Zvolene.  |b Drevárska fakulta  |4 pbl  |9 177233 
810 2 |a Vysoká škola lesnícka a drevárska vo Zvolene.  |b Drevárska fakulta  |t Dočasné vysokoškolské učebnice  |9 378772 
958 |a RK 
958 |a TL 
958 |a UV 
958 |a OND 
958 |a NB 
999 |c 623504  |d 625434 
952 |a SNK  |b SNK  |y PREZ  |7 0  |p 17A0263820  |o snkSB 9695  |i snkKSP 416/63  |0 0  |1 0  |4 0  |d 2001-01-03  |f 1  |l 0  |r 2005-01-01 00:00:00  |w 2026-02-23 
952 |t P60, <04>, [BOOK], {604}  |a SNK  |b SNK  |y VYP  |7 0  |p 17A0263145  |o snkSB 9695 D1  |i snkKSP 417/63  |0 0  |1 0  |4 0  |d 2001-01-03  |l 0  |r 2005-01-01 00:00:00  |w 2026-02-23